000 00618nam a2200193Ia 4500
008 151121s9999||||xx |||||||||||||| ||und||
082 _a181।4/ग्रीलान
082 _bHNW-11865
100 _aगीलान खलील
245 _aजीवन-दर्शन
260 _b"सुलभ राष्ट्रीय ग्रंथमाला, पुणे।"
260 _c--
300 _a115
600 _aगीलान खलील
630 _aजीवन-दर्शन
700 _aगीलान खलील
730 _aजीवन-दर्शन
942 _cBOOK
999 _c1216548
_d1216545